| 000 | 00687nam a22002057a 4500 | ||
|---|---|---|---|
| 005 | 20241203153358.0 | ||
| 010 | _aENG-142775 | ||
| 020 |
_a9789364441070 _c675.00 |
||
| 035 | _aEN-126307 | ||
| 037 | _bDBAD | ||
| 082 |
_a621.381 _22 |
||
| 100 |
_aMuthusubramanian, R. _974599 |
||
| 245 |
_aBasic Electrical and Electronics Engineering/ _cby R. Muthusubramanian [and] S Salivahanan |
||
| 250 | _a2 | ||
| 260 |
_aChennai _bMcGraw Hill Education Private Ltd _c2024 |
||
| 270 |
_aAnjana Complex No. 5/90 A, Butt Road, St Thomas Mount _bChennai _e600016 |
||
| 300 |
_axv,671p. _c22cm(pb) |
||
| 700 |
_aSalivahanan, S _eAuthor _974600 |
||
| 942 |
_2ddc _cEN _mMUT _h621.381 |
||
| 999 |
_c207369 _d207369 |
||